000 00377nam a2200133Ia 4500
005 20260326235504.0
008 260326s9999||||xx |||||||||||||| ||und||
100 _aBahamón, Alejandro
245 0 _aSketch, Plan, Build :
_b World class Architecture show how it's done /
_cAlejandro Bahamón
260 _bLoft
300 _a495 p.
650 _aARQUITECTURA MODERNA
942 _cBK
999 _c8138
_d8138